000 00698nam a2200241Ia 4500
003 OSt
005 20220925231749.0
006 a|||||r|||| 00| 0
007 ta
008 220923b |||||||| |||| 00| 0 eng d
037 _cGeneral Book
040 _aRTL
_cRTL
_beng
041 _2eng
_aeng
082 _aX:3M24xM18, J9
100 _aMarx K
_974709
245 0 _aFirst Indian war of independence, 1857-1859
260 _aMascow
_bForeign Language Publishing House
_c1959
300 _a246p
_ccm.
650 _aEconomic Classics Karl Marx
_9233100
700 _a Engels F
_974710
942 _hX:3M24xM18, J9
_cGB
_2CC
999 _c589410
_d589410